| 000 | 00338nam a2200133Ia 4500 | ||
|---|---|---|---|
| 008 | 220204s9999 xx 000 0 und d | ||
| 082 |
_a572:574 _bHAR |
||
| 100 | _aHARDESTY, Donald L | ||
| 245 | 0 | _aEcological anthropology. | |
| 260 |
_aNew York _bJohn Wiley _c1977 |
||
| 650 | _aAnthropology | ||
| 650 | _aEcological system | ||
| 942 | _cBK | ||
| 999 |
_c25585 _d25585 |
||